000 01085nam a2200205 a 4500
001 47974
005 20180714032120.0
008 140415s2000 000 0 eng d
020 _a0521662915
041 _aeng
082 _a336.39
_bTAN
100 1 _aTANZI, VITO
245 1 0 _aPUBLIC SPENDING IN THE 20TH CENTURY :
_bA GLOBAL PERSPECTIVE
250 _a1a ed.
260 _a[s.l.] :
_bCANBRIDGE UNIVERSITY PRESS,
_c2000
300 _a412
_c23 x 15.7 x 2.2
520 _aESTE LIBRO TRATA SOBRE EL ROL CAMBIANTE DE LAS FINANZAS DEL GOBIERNO EN EL SIGLO XXI . ATESORA EL ENORME INCREMENTO EN GATSOS DEL GOBIERNO A TRAVÉS DE TODOS LOS PÁISES INDUSTRIALIZADOS. ADEMÁS EL AUTOR ENCONTRÓ CÓMO EL CRECIMIENTO EN GASTOS GUBERNAMENTALES EN LOS ÚLTIMOS 35 AÑOS HO HAN TRAIDO UN BIENESTAR SOCIAL PARALELO. DEMOSTRANDO QUE LOS GASTOS GUBERNAMENTALES PUEDEN SER MENORES, SIN SACRIFICAR OBJETIVOS POLÍTICOS IMPORTANTES. LOS GOBIERNOS TIENE QUE REDEFINIR SU ROL AL DICTAR LA
650 1 4 _aGASTO PUBLICO
_xPOLITICA GUBERNAMENTAL
700 1 _aSCHUKNECHT, LUDGER
_ecoaut.
999 _c47974
_d47974